• 首页
  • 本馆介绍
  • 公告通知
  • 最新文献
  • 馆藏检索
  • 电子资源
  • 读者导购
  • 参考咨询
  • 我的图书馆
  • 登录
  • 详细信息显示
  • 放入我的书架
  • 预约/预借图书
  • 作者相关作品
  • 分类相关作品
  • 丛书相关作品
  • 出版社相关作品

书目信息

  • 表格格式
  • 工作单格式
  • 卡片格式
题名:
收获60周年纪念文存-富萍
    
 
作者: 王安忆, 著 ;收获编辑部 主编
分册:   长篇小说卷 (2000)
出版信息: 北京   人民文学出版社  2017.08
页数: 198页
开本: 25cm
丛书名: 99读书人
单 册:
中图分类: I217.61 , I247.57
科图分类:
主题词: 中国文学--zhong guo wen xue--当代文学--作品集 , 长篇小说--chang pian xiao shuo--中国--当代
电子资源:
ISBN: 978-7-02-013018-4
000 01344nam 2200349 450
001 CAL 0120172281589
005 20181211163059.54
010    @a978-7-02-013018-4@dCNY 69.00
010    @a978-7-02-013018-4@b精装@dCNY69.00
100    @a20171020d2017 em y0chiy50 ea
101 0  @achi
102    @aCN@b110000
105    @ay z 000ay
200 1  @a收获60周年纪念文存-富萍@Ashou huo 60 zhou nian ji nian wen cun-fu ping@e富萍@i长篇小说卷 (2000)@f《收获》编辑部主编@i富萍@f王安忆著
210    @a北京@c人民文学出版社@d2017.08
215    @a198页@d25cm
225 2  @a99读书人@A99du shu ren
300    @a珍藏版
330    @a这天下午, 富萍到了奶奶帮佣的人家里。弄堂里有几个小女孩在跳橡皮筋, 皮鞋底擦着水门汀的地, 有一点回声从弄堂的壁上碰回来。下午三四时许的太阳光, 黄黄地照耀着。小女孩的衣裙, 在太阳光里……
410  0 @12001 @a99读书人
517 1  @a长篇小说卷 (2000)@Achang pian xiao shuo juan (2000)
517 1  @a富萍@Afu ping
517 1  @a富萍@Afu ping
606 0  @a中国文学@Azhong guo wen xue@x当代文学@x作品集
606 0  @a长篇小说@Achang pian xiao shuo@y中国@z当代
690    @aI217.61@v5
690    @aI247.57@v5
701  0 @a王安忆,@Awang an yi@f1954-@4著
712 02 @a收获编辑部@Ashou huo bian ji bu@4主编
801  0 @aCN@b人天书店@c20171020
905    @aBZT@dI217.61@e71-15
906    @dCNY926.00 (11册)@n3@r1
    
    收获60周年纪念文存-富萍:富萍.长篇小说卷 (2000)/《收获》编辑部主编.富萍/王安忆著.-北京:人民文学出版社,2017.08
    198页;25cm.-(99读书人)
    珍藏版
    
    ISBN 978-7-02-013018-4:CNY 69.00
    这天下午, 富萍到了奶奶帮佣的人家里。弄堂里有几个小女孩在跳橡皮筋, 皮鞋底擦着水门汀的地, 有一点回声从弄堂的壁上碰回来。下午三四时许的太阳光, 黄黄地照耀着。小女孩的衣裙, 在太阳光里……
●
相关链接 在五车中查询图书 在当当中查询图书 在豆瓣中查询图书


正题名:收获60周年纪念文存-富萍     索取号:I217.61/71-15         预约/预借

序号 登录号 条形码 馆藏地/架位号 状态 备注
1 854213   2000854213   第一书库/ [索取号:I217.61/71-15] 在馆    
山东省滨州职业学院图书馆 欢迎您!
大连网信软件有限公司© 版权所有